| 000 | 00389nam a22001337a 4500 | ||
|---|---|---|---|
| 040 | _cNUST | ||
| 082 | _a809.2431,QUR | ||
| 100 |
_aQureshi, Altaf Hassan _910109 |
||
| 245 |
_aMulaqatein Kya Kya / ملاقاتیں کیا کیا (Urdu) / _cAltaf Hassan Qureshi |
||
| 260 |
_aLahore _bJumhoori Pub _c2017 |
||
| 300 | _a504 p.; | ||
| 650 | _aUrdu Literature | ||
| 942 |
_2ddc _cBK _k809.2431,QUR |
||
| 999 |
_c594335 _d594335 |
||